| 000 | 01370nam a2200265Ia 4500 | ||
|---|---|---|---|
| 003 | Ost | ||
| 005 | 20260507075157.0 | ||
| 008 | 260507s9999||||xx |||||||||||||| ||und|| | ||
| 020 | _a74052499579 | ||
| 040 | _cfsecg | ||
| 041 | _aara | ||
| 082 | _a330 | ||
| 100 |
_aجمعة، أحمد حلمي _eمؤلف |
||
| 245 | 0 |
_aالاتجاهات المعاصرة في التدقيق و التأكيد : _bالداخلي-الحكومي-الاداري -الخاص-البيئي-المنشآت الصغيرة / _c أحمد حلمي جمعة |
|
| 260 |
_aعمان: _bدار صفاء للنشر والتوزيع, _c2009 |
||
| 300 |
_a304 صفحة؛ _bإيضاحات ؛ _c24 سم |
||
| 490 | _aسلسلة الكتب التعليمية -الكتاب الرابع | ||
| 504 | _aمراجع : لكل فصل مرجع ؛ اقتني 5 نسخ سنة 2010 | ||
| 520 | _aتطور معايير التدقيق الداخلي الدولية- تطور معايير التدقيق الحكومي- تطور معايير التدقيق الإداري- تطور تدقيق المنشآت الخاصة- تطور معايير التدقيق البيئي- تطور معايير تدقيق المنشآت الصغيرة | ||
| 653 | _aالتدقيق | ||
| 653 | _aالمحاسبة | ||
| 653 | _aالمحاسبة الحكومية | ||
| 653 | _aتدقيق الحسابات | ||
| 942 | _cكتاب | ||
| 999 |
_c43377 _d43377 |
||